コンテンツを見る
VuFind
言語
English
Deutsch
Español
Français
Italiano
日本語
Nederlands
Português
Português (Brasil)
中文(简体)
中文(繁體)
Türkçe
עברית
Gaeilge
Cymraeg
Ελληνικά
Català
Euskara
Русский
Čeština
Suomi
Svenska
polski
Dansk
slovenščina
اللغة العربية
বাংলা
Galego
Tiếng Việt
Hrvatski
हिंदी
全フィールド
タイトル
著者
主題
請求記号
ISBN/ISSN
タグ
検索
詳細検索
Before the Divide: Hindi and U...
この資料を引用
この資料をメール
印刷
エクスポート
エクスポート先: RefWorks
エクスポート先: EndNoteWeb
エクスポート先: EndNote
permanent_link
ロード中...
Before the Divide: Hindi and Urdu Literary Culture
書誌詳細
第一著者:
Orsini, Fransesca
所蔵
その他の書誌記述
類似資料
MARC表示
LEADER
00208 a2200097 4500
020
260
942
|c
BB
|6
_
245
|a
Before the Divide: Hindi and Urdu Literary Culture
100
|a
Orsini, Fransesca
999
|c
57945
|d
57945
類似資料
Before the divide:hindi and urdu literary culture
著者:: Orsini, Francesca
出版事項: (2010)
Before the Divide : hindi and urdu literary culture
著者:: Orsini,Francesca
出版事項: (2010)
Before the divide : hindi and urdu literary culture
著者:: Francesca Orsini (ed.)
出版事項: (2010)
Before the divide Hindi and Urdu literary culture
著者:: Orsini, Francesca, Ed
出版事項: (2010)
Before the divide : Hindi and Urdu literary culture /
著者:: Orsini, Francesca, Ed
出版事項: (2010)
ロード中...